Surburbs of Perth with Map (2024) - Statistics

General Stats
  • This quiz has been taken 501 times
  • The average score is 161 of 355
Answers on the Map
Answers color-coded by a green-red scale on the quiz's map according to % correct below.
 
Answer Stats
Answer % Correct
Perth
93%
Fremantle
87%
South Perth
87%
East Perth
84%
West Perth
82%
North Perth
81%
Scarborough
80%
Joondalup
79%
North Fremantle
79%
Rockingham
79%
Claremont
78%
Cottesloe
78%
Armadale
77%
Morley
76%
Rottnest Island
76%
Subiaco
75%
South Fremantle
74%
East Fremantle
73%
City Beach
72%
Mount Lawley
72%
Nedlands
72%
Victoria Park
72%
Applecross
70%
Cannington
70%
Midland
70%
Mosman Park
70%
Northbridge
70%
Bayswater
69%
Leederville
69%
Yanchep
69%
Como
68%
Innaloo
68%
Osborne Park
68%
Belmont
67%
Peppermint Grove
67%
Wanneroo
67%
Canning Vale
66%
Dalkeith
66%
Bassendean
65%
Coogee
65%
Floreat
65%
Garden Island
65%
Guildford
65%
Hillarys
65%
Crawley
64%
Swanbourne
64%
Trigg
64%
Wembley
64%
Kalamunda
63%
Stirling
63%
Two Rocks
63%
West Leederville
63%
Yokine
63%
Balcatta
62%
Balga
62%
Burswood
62%
East Victoria Park
62%
Greenwood
62%
Karrinyup
62%
Maylands
62%
Dianella
61%
Ellenbrook
61%
Melville
61%
Thornlie
61%
Wembley Downs
61%
Gosnells
60%
North Beach
60%
Bentley
59%
Bicton
59%
Duncraig
59%
Glendalough
59%
Kelmscott
59%
Mount Claremont
59%
Murdoch
59%
Bull Creek
58%
High Wycombe
58%
Malaga
58%
Mount Hawthorn
58%
Mundaring
58%
Perth Airport
58%
Shenton Park
58%
Sorrento
58%
Ascot
57%
Bibra Lake
57%
Churchlands
57%
Inglewood
57%
Redcliffe
57%
Willetton
57%
Bedford
56%
Booragoon
56%
Butler
56%
Warwick
56%
Ardross
55%
Ashfield
55%
Attadale
55%
Bullsbrook
55%
Daglish
55%
Forrestfield
55%
Byford
54%
Doubleview
54%
Noranda
54%
Ocean Reef
54%
Rossmoyne
54%
Alkimos
53%
Ballajura
53%
Clarkson
53%
Highgate
53%
Jandakot
53%
Karrakatta
53%
Kwinana Beach
53%
Mirrabooka
53%
Mount Pleasant
53%
North Coogee
53%
Quinns Rocks
53%
Success
53%
Girrawheen
52%
Kewdale
52%
Mullaloo
52%
Salter Point
52%
South Guildford
52%
Swan View
52%
Tuart Hill
52%
Carine
51%
Hamilton Hill
51%
Manning
51%
Upper Swan
51%
Whiteman
51%
Baldivis
50%
Lesmurdie
50%
Maddington
50%
Queens Park
50%
Riverton
50%
Safety Bay
50%
Warnbro
50%
Woodlands
50%
Woodvale
50%
Banksia Grove
49%
Beechboro
49%
Carlisle
49%
Cockburn Central
49%
Currambine
49%
Jolimont
49%
Leeming
49%
Midvale
49%
Myaree
49%
Rivervale
49%
Bedfordale
48%
Jarrahdale
48%
Kensington
48%
Marmion
48%
Palmyra
48%
Shelley
48%
Spearwood
48%
Alexander Heights
47%
Middle Swan
47%
North Lake
47%
White Gum Valley
47%
Aubin Grove
46%
Edgewater
46%
Ferndale
46%
Kenwick
46%
Mount Helena
46%
Nollamara
46%
Pinjar
46%
Port Kennedy
46%
Secret Harbour
46%
Serpentine
46%
South Lake
46%
Wilson
46%
Kardinya
45%
Lathlain
45%
Maida Vale
45%
Peron
45%
Roleystone
45%
Westminster
45%
Caversham
44%
East Cannington
44%
Forrestdale
44%
Lake Coogee
44%
Mindarie
44%
Naval Base
44%
O Connor
44%
Sawyers Valley
44%
The Vines
44%
Woodbridge
44%
Bellevue
43%
East Rockingham
43%
Hamersley
43%
Jindalee
43%
Kallaroo
43%
Southern River
43%
Welshpool
43%
Burns Beach
42%
Embleton
42%
Helena Valley
42%
Hilton
42%
Iluka
42%
Joondanna
42%
Kingsley
42%
Kwinana Town Centre
42%
Lynwood
42%
Menora
42%
Stoneville
42%
Wattle Grove
42%
Willagee
42%
Alfred Cove
41%
Cloverdale
41%
Craigie
41%
Darch
41%
Eglinton
41%
Gooseberry Hill
41%
Lockridge
41%
Wangara
41%
Waterford
41%
Wellard
41%
Coolbellup
40%
Kinross
40%
Landsdale
40%
Piara Waters
40%
Beaconsfield
39%
Beckenham
39%
Darlington
39%
Parkerville
39%
Winthrop
39%
Chidlow
38%
Glen Forrest
38%
Gnangara
38%
Greenmount
38%
Gwelup
38%
Harrisdale
38%
Henderson
38%
Parmelia
38%
St James
38%
Viveash
38%
Waikiki
38%
Watermans Bay
38%
Beeliar
37%
Coolbinia
37%
Koongamia
37%
Pickering Brook
37%
The Lakes
37%
Anketell
36%
Aveley
36%
Champion Lakes
36%
Heathridge
36%
Jane Brook
36%
Merriwa
36%
Shoalwater
36%
Yangebup
36%
Atwell
35%
Brabham
35%
Gidgegannup
35%
Koondoola
35%
Marangaroo
35%
Martin
35%
Padbury
35%
Pearsall
35%
Red Hill
35%
Tapping
35%
Bateman
34%
Bennett Springs
34%
Brigadoon
34%
Connolly
34%
Eden Hill
34%
Hocking
34%
Hovea
34%
Huntingdale
34%
Stratton
34%
Boya
33%
Brentwood
33%
Hammond Park
33%
Kiara
33%
Langford
33%
Mount Nasura
33%
Orelia
33%
Parkwood
33%
Singleton
33%
Walliston
33%
West Swan
33%
Wooroloo
33%
Beldon
32%
Brookdale
32%
Golden Bay
32%
Herne Hill
32%
Karawara
32%
Mahogany Creek
32%
Ridgewood
32%
Ashby
31%
Carramar
31%
Munster
31%
Treeby
31%
Hazelmere
30%
Mundijong
30%
Sinagra
30%
Tamala Park
30%
Darling Downs
29%
Henley Brook
29%
Madeley
29%
Mount Richon
29%
Camillo
28%
Leda
28%
Orange Grove
28%
Wattleup
28%
Bushmead
27%
Canning Mills
27%
Hope Valley
27%
Karnup
27%
Lexia
27%
Medina
27%
Seville Grove
27%
Wandi
27%
Bertram
26%
Calista
26%
Oakford
26%
Wungong
26%
Banjup
25%
Carmel
25%
Cooloongup
25%
Dayton
25%
Haynes
25%
Piesse Brook
25%
Ashendon
24%
Belhus
24%
Hopeland
24%
Keysbrook
24%
Paulls Valley
24%
Beechina
23%
Casuarina
23%
Hillman
23%
The Spectacles
23%
Bickley
22%
Hilbert
22%
Millendon
22%
Neerabup
22%
Nowergup
22%
Keralup
21%
Samson
21%
Oldbury
20%
Whitby
20%
Bailup
19%
Baskerville
19%
Cardup
19%
Cullacabardee
19%
Karragullen
19%
Postans
19%
Jandabup
18%
Carabooda
17%
Doobarda
17%
Hacketts Gully
17%
Karrakup
16%
Mariginiup
16%
Reservoir
16%
Melaleuca
14%
Mandogalup
13%
Mardella
12%
No matching quizzes found
Score Distribution
Percent of People with Each Score
Percentile by Number Answered
Your Score History
You have not taken this quiz